Community health care and the nursing process (Record no. 79559)
[ view plain ]
| 000 -LEADER | |
|---|---|
| fixed length control field | 01102nam a2200217 a 4500 |
| 008 - FIXED-LENGTH DATA ELEMENTS--GENERAL INFORMATION | |
| fixed length control field | 120416s1983 ||||||||||||||||| || u |
| 020 ## - INTERNATIONAL STANDARD BOOK NUMBER | |
| International Standard Book Number | 0801617251 |
| 050 ## - LIBRARY OF CONGRESS CALL NUMBER | |
| Classification number | RT 98 Fro |
| 100 ## - MAIN ENTRY--PERSONAL NAME | |
| Personal name | Fromer, Margot Joan |
| 245 10 - TITLE STATEMENT | |
| Title | Community health care and the nursing process |
| 250 ## - EDITION STATEMENT | |
| Edition statement | 2nd ed. |
| 260 ## - PUBLICATION, DISTRIBUTION, ETC. | |
| Place of publication, distribution, etc. | London |
| Name of publisher, distributor, etc. | The C.V. Mosby Co |
| Date of publication, distribution, etc. | 1983 |
| 300 ## - PHYSICAL DESCRIPTION | |
| Extent | xiii, 491p. : ill |
| 350 ## - | |
| -- | 0.00 |
| 500 ## - GENERAL NOTE | |
| General note | Bibliography. |
| 650 #0 - SUBJECT ADDED ENTRY--TOPICAL TERM | |
| Topical term or geographic name entry element | COMMUNITY HEALTH NURSING |
| 995 ## - | |
| -- | ANNEX COLLECTION (Main Library) |
| -- | 0.00 |
| -- | 714282 |
| -- | CBU-MAIN LIBRARY (Kitwe) |
| -- | 1 |
| -- | 27.50 |
| -- | RT 98 Fro |
| -- | 3 |
| -- | AVAILABLE |
| -- | Apr 24, 2007 |
| -- | 013602 |
| -- | Annex Low-Usage Collection |
| 995 ## - | |
| -- | ANNEX COLLECTION (Main Library) |
| -- | 0.00 |
| -- | 714280 |
| -- | CBU-MAIN LIBRARY (Kitwe) |
| -- | 2 |
| -- | 27.50 |
| -- | RT 98 Fro |
| -- | AVAILABLE |
| -- | 013601 |
| -- | Annex Low-Usage Collection |
| 995 ## - | |
| -- | ANNEX COLLECTION (Main Library) |
| -- | 0.00 |
| -- | 714281 |
| -- | CBU-MAIN LIBRARY (Kitwe) |
| -- | 4 |
| -- | 27.50 |
| -- | RT 98 Fro |
| -- | AVAILABLE |
| -- | 013633 |
| -- | Annex Low-Usage Collection |
| 995 ## - | |
| -- | ANNEX COLLECTION (Main Library) |
| -- | 0.00 |
| -- | 714279 |
| -- | CBU-MAIN LIBRARY (Kitwe) |
| -- | 3 |
| -- | 27.50 |
| -- | RT 98 Fro |
| -- | AVAILABLE |
| -- | 013634 |
| -- | Annex Low-Usage Collection |
| 999 ## - | |
| -- | 79559 |
| -- | 79559 |
| Withdrawn status | Lost status | Source of classification or shelving scheme | Damaged status | Not for loan | Permanent Location | Current Location | Shelving location | Date acquired | Total Checkouts | Full call number | Barcode | Date last seen | Copy number | Price effective from | Koha item type |
|---|---|---|---|---|---|---|---|---|---|---|---|---|---|---|---|
| CBU-MAIN LIBRARY, KITWE. | CBU-MAIN LIBRARY, KITWE. | 06/29/2023 | RT 98 Fro | 013602 | 06/29/2023 | 1 | 06/29/2023 | MONOGRAPH | |||||||
| CBU-MAIN LIBRARY, KITWE. | CBU-MAIN LIBRARY, KITWE. | 06/29/2023 | RT 98 Fro | 013601 | 06/29/2023 | 2 | 06/29/2023 | MONOGRAPH | |||||||
| Withdrawn | CBU-MAIN LIBRARY, KITWE. | CBU-MAIN LIBRARY, KITWE. | 06/29/2023 | RT 98 Fro | 013633 | 06/29/2023 | 3 | 06/29/2023 | MONOGRAPH | ||||||
| CBU-MAIN LIBRARY, KITWE. | CBU-MAIN LIBRARY, KITWE. | 06/29/2023 | RT 98 Fro | 013634 | 06/29/2023 | 4 | 06/29/2023 | MONOGRAPH |